书目信息 |
| 题名: |
中国植物园
|
|
| 作者: | 赵世伟 主编 ;中国植物学会 编 | |
| 分册: | 第二十三期 | |
| 出版信息: | 北京 中国林业出版社 2020 |
|
| 页数: | 250页 | |
| 开本: | 26cm | |
| 丛书名: | ||
| 单 册: | ||
| 中图分类: | Q94-339 | |
| 科图分类: | ||
| 主题词: | 植物园--中国--文集 | |
| 电子资源: | ||
| ISBN: | 978-7-5219-0758-2 | |
| 000 | 01135nam0 2200253 450 | |
| 001 | 2328065886 | |
| 005 | 20231103074848.89 | |
| 010 | @a978-7-5219-0758-2@dCNY80.00 | |
| 100 | @a20201124d2020 em y0chiy50 ea | |
| 101 | 0 | @achi@deng@eeng |
| 102 | @aCN@b110000 | |
| 105 | @aa z 000yy | |
| 200 | 1 | @a中国植物园@9zhong guo zhi wu yuan@h第二十三期@dBotanical gardens of China@hNo. 23@f中国植物学会植物园分会编辑委员会编@zeng |
| 210 | @a北京@c中国林业出版社@d2020 | |
| 215 | @a250页@c图,照片@d26cm | |
| 314 | @a主编取自编辑委员会名单 | |
| 330 | @a本书收录《植物园发展的“温故”与“知新”》《今天的植物园,为城市、人类和文明而创新》《世界主要科研型植物园简介》《用绘画方法评估一次植物园夏令营成效》《论上海辰山植物园十周年园庆宣传策划与实施效果》《培养基组分对槭叶铁线莲花粉萌发和花粉管生长的影响》等文章。 | |
| 510 | 1 | @aBotanical gardens of China@hNo. 23@zeng |
| 606 | 0 | @a植物园@y中国@j文集 |
| 690 | @aQ94-339@v5 | |
| 701 | 0 | @a赵世伟@9zhao shi wei@4主编 |
| 712 | 02 | @a中国植物学会@9zhong guo zhi wu xue hui@b植物园分会@b编辑委员会@4编 |
| 801 | 0 | @aCN@b大连网信软件有限公司图书馆·11@c20231103 |
| 905 | @aBZT@dQ94-339@e8:23 | |
| 中国植物园.第二十三期=Botanical gardens of China.No. 23/中国植物学会植物园分会编辑委员会编.-北京:中国林业出版社,2020 |
| 250页:图,照片;26cm |
| ISBN 978-7-5219-0758-2:CNY80.00 |
| 本书收录《植物园发展的“温故”与“知新”》《今天的植物园,为城市、人类和文明而创新》《世界主要科研型植物园简介》《用绘画方法评估一次植物园夏令营成效》《论上海辰山植物园十周年园庆宣传策划与实施效果》《培养基组分对槭叶铁线莲花粉萌发和花粉管生长的影响》等文章。 |
| ● |
| 相关链接 |
|
|
|
正题名:中国植物园
索取号:Q94-339/8:23
 
预约/预借
| 序号 | 登录号 | 条形码 | 馆藏地/架位号 | 状态 | 备注 |
| 1 | 2000978753 | 2000978753 | 中教、安徽混合/山东中教(第一批)/128/ [索取号:Q94-339/8:23] | 在馆 | |
| 2 | 2000978754 | 2000978754 | 中教、安徽混合/山东中教(第一批)/128/ [索取号:Q94-339/8:23] | 在馆 | |
| 3 | 2000978755 | 2000978755 | 中教、安徽混合/山东中教(第一批)/128/ [索取号:Q94-339/8:23] | 在馆 | |
| 4 | 2000978756 | 2000978756 | 中教、安徽混合/山东中教(第一批)/128/ [索取号:Q94-339/8:23] | 在馆 | |
| 5 | 2000978757 | 2000978757 | 中教、安徽混合/山东中教(第一批)/128/ [索取号:Q94-339/8:23] | 在馆 | |
| 6 | 2000978758 | 2000978758 | 中教、安徽混合/山东中教(第一批)/128/ [索取号:Q94-339/8:23] | 在馆 |